000 01202nam a2200253Ia 4500
003 OSt
005 20201111101703.0
008 191128s2002 ck a gr 000 0 spa d
020 _a9586824020
040 _aCO-JMCR
_cCO-JMCR
041 0 _aspa
082 0 4 _a320.9 /
_bR438d
_223
100 1 _aRetirado Mejía, Álvaro,
_eeditor
_912317
245 1 0 _aDebates nacionales :
_bdiscusiones en torno a la misión Alesina /
_ceditor, Álvaro Tirado Mejía
250 _aPrimera edición
260 _aBogotá :
_bAlfaomega,
_c2002
300 _axxxvi, 195 páginas :
_bilustraciones a color ;
_c23 cm.
505 0 _aSeparación de poderes -- Sistema electoral y de partidos -- Crimen en Colombia -- Descentralización -- Presupuesto -- Educación -- Gasto social -- Banco central
520 3 _aEn pocos años Colombia, que hace menos de una década parecía un país en camino de la modernidad, se ha colocado a la zaga de sus pares en América. Muchos, en otras latitudes, dudan de su viabilidad misma como Nación.
650 1 4 _aMisión Alesina
_912318
650 1 4 _aEstado
_xinstituciones políticas
_912319
650 1 4 _aDescentralización
_xinstituciones económicas
_912320
942 _2ddc
_cBK
999 _c5118
_d5118